Stereochemistry of Organic Compounds: Applications (Record no. 4088)
[ view plain ]
| 000 -LEADER | |
|---|---|
| fixed length control field | 00399nam a22001457a 4500 |
| 003 - CONTROL NUMBER IDENTIFIER | |
| control field | OSt |
| 005 - DATE AND TIME OF LATEST TRANSACTION | |
| control field | 20260223195501.0 |
| 008 - FIXED-LENGTH DATA ELEMENTS--GENERAL INFORMATION | |
| fixed length control field | 260223b |||||||| |||| 00| 0 eng d |
| 020 ## - INTERNATIONAL STANDARD BOOK NUMBER | |
| International Standard Book Number | 978-81-224-3029-5 |
| 040 ## - CATALOGING SOURCE | |
| Transcribing agency | marc |
| 082 ## - DEWEY DECIMAL CLASSIFICATION NUMBER | |
| Classification number | 547 |
| 245 ## - TITLE STATEMENT | |
| Title | Stereochemistry of Organic Compounds: Applications |
| Statement of responsibility, etc. | by D. Nasipuri |
| 260 ## - PUBLICATION, DISTRIBUTION, ETC. | |
| Place of publication, distribution, etc. | New Delhi |
| Name of publisher, distributor, etc. | New Age International publishers |
| Date of publication, distribution, etc. | 2014 |
| 942 ## - ADDED ENTRY ELEMENTS (KOHA) | |
| Source of classification or shelving scheme | Dewey Decimal Classification |
| Koha item type | Books |
| Withdrawn status | Lost status | Source of classification or shelving scheme | Damaged status | Not for loan | Collection code | Home library | Current library | Shelving location | Date acquired | Inventory number | Total Checkouts | Full call number | Date last seen | Price effective from | Koha item type |
|---|---|---|---|---|---|---|---|---|---|---|---|---|---|---|---|
| Dewey Decimal Classification | Natural Sciences & Mathematics | Chalimbana Main Library | Chalimbana Main Library | Natural Sciences & Mathematics | 02/23/2026 | 694531 | 547 | 02/23/2026 | 02/23/2026 | Books |